Régions de l'Union des républiques socialistes soviétiques (URSS) - Statistiques

Statistiques générales
  • Ce quiz a été pris 902 fois
    892 depuis la dernière actualisation
  • Le résultat moyen est 13 sur 15
Statistiques - réponses
Hint Réponse % Correct
17 125 187 km² Russie
98%
603 549 km² Ukraine
96%
207 600 km² Biélorussie
91%
45 226 km² Estonie
90%
64 597 km² Lettonie
90%
65 303 km² Lituanie
90%
69 700 km² Géorgie
88%
447 400 km² Ouzbékistan
87%
488 100 km² Turkménistan
87%
29 743 km² Arménie
86%
143 100 km² Tadjikistan
85%
2 717 300 km² Kazakhstan
83%
86 600 km² Azerbaïdjan
82%
33 843 km ² Moldavie
79%
198 500 km² Kirghizistan
71%
Aucun quiz correspondant
Distribution des résultats
% des personnes avec chaque résultat
Percentile par nombre de réponses
Votre historique - résultats
Vous n’avez pas pris ce quiz depuis la dernière actualisation